| 000 | 01359 a2200253 4500 | ||
|---|---|---|---|
| 999 |
_c4406 _d4406 |
||
| 020 | _a9781857280302 | ||
| 050 | 0 | 0 | _aHT149.5 CIT 1992 |
| 245 | 0 | 0 |
_aCities in the 1990s : _bthe challenge for developing countries : highlights from a workshop of representatives of international aid agencies and governments in developing countries to consider the new urban policy statements of the World Bank, the United Nations Development Programme, and the United Nations Centre for Human Settlements, November 1991 / _cedited by Nigel Harris. |
| 264 |
_aLondon: _bUCL Pres, _c1992 |
||
| 300 |
_axxiii, 232 p. : _bill. ; |
||
| 500 | _a"Overseas Development Administration [and] Development Planning Unit." | ||
| 504 | _aIncludes bibliographical references and index. | ||
| 650 | 0 |
_aUrban policy _xCongresses. |
|
| 650 | 0 |
_aUrbanization _xCongresses. |
|
| 650 | 0 |
_aCities and towns _xGrowth _xCongresses. |
|
| 650 | 0 |
_aCity planning _xCongresses. |
|
| 650 | 0 |
_aUrban poor _xCongresses. |
|
| 700 | 1 |
_aHarris, Nigel, _d1935- |
|
| 710 | 1 | _aGreat Britain. | |
| 710 | 2 | _aUniversity College, London. | |
| 856 | 4 | 2 |
_3Publisher description _uhttp://www.loc.gov/catdir/description/hol054/92024206.html |
| 942 |
_2lcc _cBK _h149.5 _iCIT _kHT |
||